| 000 | 00912nam a2200193Ia 4500 | ||
|---|---|---|---|
| 003 | GCL | ||
| 005 | 20240530105246.0 | ||
| 008 | 140319s9999 xx 000 0 ara d | ||
| 040 |
_aGCL / _cGCL |
||
| 082 | 0 | 4 |
_a237.6 _bع م |
| 100 | 1 | _aالعراقى ، ابوالفضل عبدالرحيم بن الحسين بن عبدالرحمن زين الدين الكرونى | |
| 245 | 1 | 0 |
_aالمستخرج على مستدرك للحاكم امالى الحافظ العراقى / _cالعراقى ، ابوالفضل عبدالرحيم بن الحسين بن عبدالرحمن زين الدين الكرونى |
| 260 |
_aالقاهرة : _bمكتبة السنة للنشر والتوزيع ، _c1990 |
||
| 300 |
_a132 ص ؛ _c24 سم |
||
| 650 | 0 | 4 | _aالاحاديث النبوية |
| 650 | 0 | 4 | _aالحديث - مستخرجات |
| 700 | 1 | _aابوعبدالرحمن محمد عبدالله | |
| 942 |
_2ddc _cBK |
||
| 999 |
_c54406 _d54406 |
||